| 000 | 01214nam a22002417a 4500 | ||
|---|---|---|---|
| 003 | OSt | ||
| 005 | 20250929115327.0 | ||
| 008 | 250929b |||d ||| |||| 00| 0 spa d | ||
| 022 | _a2011-4621 | ||
| 037 | _bDonación | ||
| 040 |
_aCO-JMCR _cCO-JMCR _bspa _dCO-JMCR _erda |
||
| 041 | 0 | _aspa | |
| 082 | 0 | 4 |
_a336.028 _223 _bM54m |
| 245 | 0 | 0 |
_aMensaje presidencial : _bproyecto de ley de presupuesto general de la Nación, un presupuesto para consolidar la confianza / _cPresidencia de la República. |
| 260 |
_aBogotá : _bPresidencia de la República, _c2010. |
||
| 300 |
_a215 páginas : _bGráficas ; _c24 cm. |
||
| 505 | _aI. Mensaje presidencial, proyecto de presupuesto general de la nación 2011-- II. Anexo al mensaje presidencial, proyecto de presupuesto general de la nación 2011-- III. Aspectos complementarios, proyecto de presupuesto general de la nación 2011. | ||
| 650 | 2 | 4 |
_aPresupuesto nacional _z Colombia _v Publicaciones seriadas. _2JMCR _944362 |
| 650 | 2 | 4 |
_aGastos públicos _zColombia _vPublicaciones seriadas. _2JMCR _944363 |
| 650 | 2 | 4 |
_aPolítica presupuestaria _z Colombia _v Publicaciones seriadas. _2JMCR _944364 |
| 710 | 1 |
_aColombia. _bPresidencia de la República. _92972 |
|
| 942 |
_2ddc _cBK |
||
| 999 |
_c31094 _d17478 |
||